Costumbres y tradiciones judias
שמור ב:
| מחבר ראשי: | |
|---|---|
| פורמט: | ספר |
| שפה: | ספרדית |
| יצא לאור: |
Santiago
Universidad de Chile. Centro de Estudios Judaicos
1996
|
| נושאים: | |
| תגים: |
הוספת תג
אין תגיות, היה/י הראשונ/ה לתייג את הרשומה!
|
MARC
| LEADER | 00000nam a2200000 a 4500 | ||
|---|---|---|---|
| 001 | UCS5133 | ||
| 003 | CL-VaPUC | ||
| 008 | 970822e19960000CL |||||||||||||||||spa|d | ||
| 082 | 0 | 4 | |a 956.94 |b TAP |2 21 |
| 100 | 0 | |a Tapia Adler, Ana María |e author |9 390935 | |
| 245 | 1 | 0 | |a Costumbres y tradiciones judias |
| 300 | |a 193 p | ||
| 942 | |c BK | ||
| 945 | |d 19970822 00:00:00 |a aalvarez | ||
| 260 | |a Santiago |b Universidad de Chile. Centro de Estudios Judaicos |c 1996 | ||
| 650 | 0 | |a Judíos |9 313771 | |
| 650 | 0 | |a Judíos |x Modos de vida |9 390936 | |
| 650 | 7 | |a JUDIOS COSTUMBRES |2 CL-VaPUC |9 390937 | |
| 583 | |a last modification |c 19970822 00:00:00 |k Rodrigo Vera | ||
| 999 | |c 261769 |d 261767 | ||
| 952 | |0 0 |1 0 |4 0 |6 956_940000000000000_TAP_1996 |7 0 |8 A |9 289545 |a BIBTEO |b BIBTEO |d 2019-11-19 |i 3334090 |o 956.94 TAP 1996 |p 3334090 |r 2025-01-17 |w 2019-11-19 |y BK |k ICR | ||
| 952 | |0 0 |1 0 |4 0 |6 956_940000000000000_TAP_1996 |7 0 |8 A |9 289546 |a BIBTEO |b BIBTEO |d 2019-11-19 |i 4069234 |o 956.94 TAP 1996 |p 4069234 |r 2025-01-17 |w 2019-11-19 |y BK |k ICR | ||